000 00833nam a22002297a 4500
005 20090827143017.0
008 090827t xxu||||| |||| 00| 0 eng d
010 _aENG-94934
020 _a9789380211442
_c120.00
035 _aEN-78467
037 _bDBAD / PUB
040 _adpl
_bEnglish
082 _a333.7095431
100 _aChitra, K
245 _aAriyalur environment /
_cby K. Chitra
260 _aPollachi
_bEathir Publications
_c2009
270 _a305, Police Station Road,
_bPollachi
_e642001
300 _a116p.
_c21cm(pbk)
500 _ainclude bibliographical references
942 _2ddc
_cEN
_mCHI
_h333.7095431
999 _c29703
_d29703